01156nam a2200193Ia 4500001001000000003001000010008004100020040002500061041001300086100003100099245005300130250001100183260008300194300001200277500026800289501011400557520026800671650002300939L234-7244IT-CnALBA170116s9999||||xx |||||||||||||| ||und|| aIT-CnALBAcIT-CnALBA aITALIANO aBERTETTO D. DOMENICO, SDB. 0aIL CREDO. VOL. VIII. RISURREZIONE E ASCENSIONE.  a1a ed. a BRESCIAbMORCELLIANA EDITRICE c1960 [1° Ed.:1960 - Ed.Ling.Originale: 1960] a164 p.  aDISCESA AGLI INFERI. BIBBIA PADRI TEOLOGI. RISURREZIONE DI GESÙ CRISTO DAI MORTI. FATTO MODO VALORE DELL'ASCENSIONE. REGALITÀ DI CRISTO. NATURA MOTIVI ESTENSIONE ESSENZA DELLA REGALITÀ DI GESÙ CRISTO. DOVERI DEI SUDDITI DEL RE DIVINO. OPERA SALVATRICE DI  aSocietà San Paolo EM - Piazza San Paolo, 14 - 12051 ALBA (CN) (non commercial uses only) ® Copyright 2017 aDISCESA AGLI INFERI. BIBBIA PADRI TEOLOGI. RISURREZIONE DI GESÙ CRISTO DAI MORTI. FATTO MODO VALORE DELL'ASCENSIONE. REGALITÀ DI CRISTO. NATURA MOTIVI ESTENSIONE ESSENZA DELLA REGALITÀ DI GESÙ CRISTO. DOVERI DEI SUDDITI DEL RE DIVINO. OPERA SALVATRICE DI  aSALVEZZA CRISTIANA